[Event "100th British Championship"]
[Site "Torquay ENG"]
[Date "2013.08.02"]
[EventDate "2013.07.29"]
[Round "5"]
[Result "1-0"]
[White "Gawain Jones"]
[Black "Donald J Mason"]
[WhiteElo "2643"]
[BlackElo "2204"]
[PlyCount "43"]

1. e4 c5 2. Nc3 Nc6 3. Bb5 Nd4 4. Nf3 a6 5. Bd3 Nc6 6. Be2 Nf6
7. O-O e6 8. d4 cxd4 9. Nxd4 Qc7 10. Be3 d6 11. f4 Bd7 12. a4
Nxd4 13. Qxd4 e5 14. Qd2 Bc6 15. Nd5 Bxd5 16. exd5 exf4
17. Rxf4 Be7 18. Bd4 O-O 19. Ra3 Nd7 20. Bxg7 Kxg7 21. Rg4+
Kh8 22. Qh6 1-0

[Event "100th British Championship"]
[Site "Torquay ENG"]
[Date "2013.08.03"]
[EventDate "2013.07.29"]
[Round "6"]
[Result "1/2-1/2"]
[White "Simon J B Knott"]
[Black "Gawain Jones"]
[WhiteElo "2318"]
[BlackElo "2643"]
[PlyCount "65"]

1. Nf3 c5 2. c4 Nc6 3. Nc3 e5 4. e3 Nf6 5. d4 e4 6. Nd2 cxd4
7. exd4 Bb4 8. d5 Ne5 9. Be2 Bxc3 10. bxc3 d6 11. Qa4+ Qd7
12. Qxd7+ Nexd7 13. Nb3 Nc5 14. Bf4 Ke7 15. Nxc5 dxc5 16. O-O
Re8 17. Be5 Bf5 18. f3 Bg6 19. fxe4 Nxe4 20. Bxg7 f5 21. Bd3
Kf7 22. Bh6 Nxc3 23. g4 Ne2+ 24. Kg2 f4 25. Bxg6+ Kxg6
26. Bxf4 Rad8 27. Bg3 b5 28. Bh4 Rd7 29. Rae1 Re4 30. Kf3 Re5
31. Kg2 Re4 32. Kf3 Re5 33. Kg2 1/2-1/2

[Event "100th British Championship"]
[Site "Torquay ENG"]
[Date "2013.08.04"]
[EventDate "2013.07.29"]
[Round "7"]
[Result "1-0"]
[White "Gawain Jones"]
[Black "Terence P D Chapman"]
[WhiteElo "2643"]
[BlackElo "2308"]
[PlyCount "45"]

1. d4 Nf6 2. Nf3 c5 3. d5 b5 4. Bg5 Ne4 5. Bh4 Qa5+ 6. Nbd2
Bb7 7. a4 Nxd2 8. Nxd2 Qb4 9. e4 a6 10. axb5 Qxb2 11. bxa6
Bxa6 12. Bxa6 Nxa6 13. O-O g5 14. Bxg5 Bg7 15. Ra4 Qb5 16. c4
Qb7 17. Qg4 Rg8 18. Qh4 d6 19. Rb1 Qc7 20. Qxh7 Kf8 21. Rxa6
Rxa6 22. Bxe7+ Kxe7 23. Qxg8 1-0

[Event "100th British Championship"]
[Site "Torquay ENG"]
[Date "2013.08.05"]
[EventDate "2013.07.29"]
[Round "8"]
[Result "0-1"]
[White "Dominic Mackle"]
[Black "Gawain Jones"]
[WhiteElo "2216"]
[BlackElo "2643"]
[PlyCount "48"]

1. d4 Nf6 2. c4 g6 3. Nc3 Bg7 4. e4 d6 5. Nf3 O-O 6. Be2 e5
7. O-O Nbd7 8. Qc2 Nh5 9. Rd1 Nf4 10. Bf1 c5 11. dxe5 dxe5
12. Rb1 Ne6 13. Nb5 Qe7 14. b4 cxb4 15. Bd2 a5 16. a3 b3
17. Rxb3 Ndc5 18. Rbb1 Bd7 19. Bc3 Bc6 20. Rd5 Nf4 21. Rxe5
Bxe5 22. Nxe5 Bxe4 23. Qc1 Qg5 24. h4 Ne2+ 0-1

[Event "100th British Championship"]
[Site "Torquay ENG"]
[Date "2013.08.08"]
[EventDate "2013.07.29"]
[Round "11"]
[Result "1/2-1/2"]
[White "David Howell"]
[Black "Gawain Jones"]
[WhiteElo "2639"]
[BlackElo "2643"]
[PlyCount "87"]

1. c4 c5 2. Nf3 Nc6 3. Nc3 e5 4. g3 g6 5. Bg2 Bg7 6. O-O Nge7
7. a3 O-O 8. Rb1 a5 9. Ne1 d6 10. Nc2 Be6 11. Ne3 Rb8 12. d3
Nd4 13. Ned5 Nxd5 14. cxd5 Bd7 15. a4 b5 16. e3 b4 17. Ne4 Nf5
18. b3 Bc8 19. Nd2 Ba6 20. Qc2 Nh6 21. Bb2 f5 22. Rbe1 Ng4
23. Nc4 Qc7 24. f3 Nf6 25. e4 Nh5 26. Bh3 f4 27. Qg2 Kh8
28. Re2 Bxc4 29. dxc4 Qe7 30. Bg4 Nf6 31. Be6 Bh6 32. Kf2 Nh5
33. Bg4 Nf6 34. Be6 Nh5 35. Ke1 Bg5 36. Kd1 Ng7 37. Bg4 Rf7
38. Kc2 Kg8 39. Rh1 Kf8 40. Kb1 Qf6 41. h4 Bh6 42. Bc1 Ke7
43. h5 Bg5 44. hxg6 1/2-1/2

[Event "100th British Championship"]
[Site "Torquay ENG"]
[Date "2013.08.06"]
[EventDate "2013.07.29"]
[Round "9"]
[Result "1/2-1/2"]
[White "Gawain Jones"]
[Black "Ameet Ghasi"]
[WhiteElo "2643"]
[BlackElo "2459"]
[PlyCount "103"]

1. e4 c5 2. Nf3 e6 3. g3 b6 4. Bg2 Bb7 5. Nc3 Nf6 6. e5 Ne4
7. Nxe4 Bxe4 8. O-O Nc6 9. Re1 Bd5 10. d3 Rc8 11. c4 Bxf3
12. Bxf3 Nd4 13. Be4 d6 14. exd6 Bxd6 15. Qg4 g6 16. Qd1 O-O
17. Bh6 Re8 18. h4 Bf8 19. Bg5 Be7 20. Qd2 h5 21. Rab1 a5
22. a3 a4 23. Be3 Nb3 24. Qd1 Rc7 25. Qf3 Qd7 26. g4 hxg4
27. Qxg4 Bf8 28. Kh1 Bg7 29. Bf4 Ra7 30. Qg3 Nd4 31. h5 f5
32. Bg2 gxh5 33. Qg5 Qe7 34. Qxh5 Qf7 35. Qh2 Qg6 36. Re3 Kf7
37. Rg1 Rh8 38. Bh3 Qh5 39. Be5 Bxe5 40. Qxe5 Rh7 41. Reg3 Re7
42. Rg7+ Rxg7 43. Rxg7+ Kf8 44. Rg3 Kf7 45. Kg2 Qh6 46. f4 Re8
47. Qc7+ Re7 48. Qe5 Re8 49. Kf2 Nc6 50. Qd6 Ne7 51. Bg2 Ng6
52. Bc6 1/2-1/2

[Event "100th British Championship"]
[Site "Torquay ENG"]
[Date "2013.08.07"]
[EventDate "2013.07.29"]
[Round "10"]
[Result "0-1"]
[White "Richard J Palliser"]
[Black "Gawain Jones"]
[WhiteElo "2453"]
[BlackElo "2643"]
[PlyCount "68"]

1. e4 e5 2. Nf3 Nc6 3. Bb5 a6 4. Ba4 Nf6 5. O-O Be7 6. d3 d6
7. c3 O-O 8. Re1 Nd7 9. d4 Bf6 10. Be3 Nb6 11. Bxc6 bxc6
12. Nbd2 a5 13. Qc2 Qe7 14. Rad1 a4 15. h3 Be6 16. c4 exd4
17. Bxd4 c5 18. Bxf6 Qxf6 19. e5 Qg6 20. Qc3 d5 21. Nh4 Qh6
22. Qg3 Nxc4 23. Nxc4 dxc4 24. f4 f5 25. exf6 Qxf6 26. Re5
Rad8 27. Rde1 Rd6 28. f5 Bf7 29. Nf3 h6 30. Qf2 Rd5 31. Qe3
Rb8 32. Re2 c6 33. Rd2 Rxd2 34. Qxd2 Bd5 0-1

[Event "Politiken Cup"]
[Site "Helsingor DEN"]
[Date "2014.07.22"]
[EventDate "2014.07.21"]
[Round "3.7"]
[Result "0-1"]
[White "Bjorn Moller Ochsner"]
[Black "Gawain Jones"]
[WhiteElo "2318"]
[BlackElo "2665"]
[PlyCount "88"]

1. e4 c5 2. Nf3 d6 3. d4 cxd4 4. Nxd4 Nf6 5. Nc3 g6 6. Be3 Bg7
7. f3 Nc6 8. Qd2 O-O 9. O-O-O d5 10. Qe1 e5 11. Nxc6 bxc6
12. exd5 Nxd5 13. h4 Qe7 14. Nxd5 cxd5 15. Rxd5 Rb8 16. Rb5
Rxb5 17. Bxb5 e4 18. c3 exf3 19. gxf3 Bf5 20. Qe2 Rc8 21. Bd2
Qd6 22. Re1 Qd5 23. a3 Qb3 24. Bd3 Rb8 25. Bxf5 Qxb2+ 26. Kd1
Qa1+ 27. Kc2 Qa2+ 28. Kd1 Qa1+ 29. Kc2 Qb2+ 30. Kd1 gxf5
31. Qd3 Qxa3 32. Qxf5 Qa4+ 33. Kc1 Qa1+ 34. Kc2 Rb2+ 35. Kd3
Rxd2+ 36. Kxd2 Bxc3+ 37. Kd3 Qxe1 38. Qg5+ Kf8 39. Qd8+ Qe8
40. Qd6+ Qe7 41. Qb8+ Qe8 42. Qd6+ Kg8 43. Kxc3 Qe3+ 44. Kc4
Qe6+ 0-1

[Event "Politiken Cup"]
[Site "Helsingor DEN"]
[Date "2014.07.21"]
[EventDate "2014.07.21"]
[Round "1.7"]
[Result "0-1"]
[White "Lars Hinrichs"]
[Black "Gawain Jones"]
[WhiteElo "2003"]
[BlackElo "2665"]
[PlyCount "64"]

1. e4 c5 2. Nf3 d6 3. d4 cxd4 4. Nxd4 Nf6 5. Nc3 g6 6. Be3 Bg7
7. Be2 O-O 8. f4 Nc6 9. Nb3 Be6 10. g4 Rc8 11. g5 Nd7 12. Nd4
Nc5 13. Nxc6 Bxc3+ 14. bxc3 Rxc6 15. f5 gxf5 16. exf5 Bxf5
17. O-O Qc8 18. Qe1 Bxc2 19. Qh4 Qe6 20. Rf3 Qe4 21. Qf2 Bd3
22. g6 hxg6 23. Rf1 Bxe2 24. Qxe2 Ne6 25. Qd2 f6 26. Rg3 Rf7
27. Rf2 Ra6 28. Bh6 g5 29. Re2 Qb1+ 30. Kg2 Qf5 31. Rf2 Qe4+
32. Kg1 Rb6 0-1

[Event "Politiken Cup"]
[Site "Helsingor DEN"]
[Date "2014.07.22"]
[EventDate "2014.07.21"]
[Round "2.7"]
[Result "1-0"]
[White "Gawain Jones"]
[Black "Mogens Thuesen"]
[WhiteElo "2665"]
[BlackElo "2196"]
[PlyCount "59"]

1. e4 Nf6 2. e5 Nd5 3. d4 d6 4. c4 Nb6 5. f4 dxe5 6. fxe5 Bf5
7. Nc3 Nc6 8. Be3 e6 9. Nf3 Bg4 10. Be2 Bxf3 11. gxf3 Bb4
12. Qd2 Na5 13. b3 c5 14. dxc5 Qxd2+ 15. Bxd2 Nd7 16. Rd1 Bxc3
17. Bxc3 Nc6 18. Rg1 Rg8 19. f4 Nxc5 20. Bf3 Rd8 21. Ke2 Rxd1
22. Rxd1 Nd7 23. Bxc6 bxc6 24. Rd6 Nb8 25. Bd4 f6 26. exf6
gxf6 27. Rxe6+ Kd7 28. Rxf6 Rg2+ 29. Kf3 Rxh2 30. Be5 1-0

[Event "Bunratty Masters"]
[Site "Bunratty Co. Clare, Ireland"]
[Date "2014.02.07"]
[EventDate "2014.??.??"]
[Round "1"]
[Result "1-0"]
[White "Gawain Jones"]
[Black "David Murray"]
[WhiteElo "2535"]
[BlackElo "2112"]
[PlyCount "57"]

1. d4 Nf6 2. c4 g6 3. f3 Bg7 4. e4 d6 5. Nc3 O-O 6. Be3 e5
7. Nge2 c6 8. Qd2 Nbd7 9. O-O-O Qa5 10. Kb1 b5 11. cxb5 cxb5
12. Nd5 Qd8 13. Nxf6+ Qxf6 14. Nc3 Nb6 15. Bg5 Qe6 16. d5 Qe8
17. Nxb5 Qd7 18. Rc1 f6 19. Be3 Rf7 20. Rc7 Qxc7 21. Nxc7 Rxc7
22. Bb5 Bd7 23. Bxb6 axb6 24. Bxd7 Rxd7 25. Rc1 f5 26. exf5
gxf5 27. Rc6 Ra4 28. Rc8+ Kf7 29. Qg5 1-0

[Event "Bunratty Masters"]
[Site "Bunratty Co. Clare, Ireland"]
[Date "2014.02.08"]
[EventDate "2014.??.??"]
[Round "2"]
[Result "0-1"]
[White "Philip Michael Short"]
[Black "Gawain Jones"]
[WhiteElo "2245"]
[BlackElo "2535"]
[PlyCount "64"]

1. d4 Nf6 2. c4 g6 3. Nc3 Bg7 4. e4 d6 5. Be2 O-O 6. Bg5 Na6
7. Qd2 c6 8. Bd1 b5 9. cxb5 cxb5 10. Bc2 b4 11. Nd1 d5 12. e5
Ne4 13. Bxe4 dxe4 14. Ne2 f6 15. exf6 exf6 16. Be3 Nc7
17. Qxb4 Nd5 18. Qa3 Rf7 19. Ndc3 Nxe3 20. fxe3 Rb8 21. Nxe4
Re7 22. Nc5 Bg4 23. Rd1 f5 24. Qc3 Qe8 25. Rd3 Bh6 26. h3 Bxe3
27. hxg4 Bf2+ 28. Kxf2 Rxe2+ 29. Kg3 Rbxb2 30. Rg1 Qb8+
31. Kh3 Qf4 32. gxf5 g5 0-1

[Event "Bunratty Masters"]
[Site "?"]
[Date "2014.02.08"]
[EventDate "2014.??.??"]
[Round "3"]
[Result "1-0"]
[White "Gawain Jones"]
[Black "Sam E Collins"]
[WhiteElo "2535"]
[BlackElo "2440"]
[PlyCount "83"]

1. c4 Nf6 2. Nc3 e5 3. g3 d5 4. cxd5 Nxd5 5. Bg2 Nb6 6. e3 Be7
7. Nge2 O-O 8. O-O Nc6 9. f4 f6 10. f5 a5 11. g4 a4 12. d4 Ra5
13. Kh1 Kh8 14. d5 Nb4 15. e4 c6 16. a3 Na6 17. Qc2 Qc7
18. Be3 Bc5 19. Bd2 Nc4 20. dxc6 Nxd2 21. Qxd2 Qxc6 22. Rfd1
b6 23. Rac1 Bb7 24. Nd5 Nc7 25. Nec3 Nxd5 26. exd5 Qd7 27. d6
Rd8 28. Bxb7 Qxb7+ 29. Qg2 Qxg2+ 30. Kxg2 Bd4 31. Ne4 Bxb2
32. Rc7 Kg8 33. g5 fxg5 34. f6 gxf6 35. Nxf6+ Kf8 36. Nxh7+
Kg8 37. Nf6+ Kf8 38. Ne4 Rc5 39. Rf1+ Kg8 40. Nf6+ Kf8
41. Ne8+ Kxe8 42. Re7# 1-0

[Event "Bunratty Masters"]
[Site "?"]
[Date "2014.02.08"]
[EventDate "2014.??.??"]
[Round "4"]
[Result "0-1"]
[White "Alon Greenfeld"]
[Black "Gawain Jones"]
[WhiteElo "2549"]
[BlackElo "2535"]
[PlyCount "70"]

1. Nf3 Nf6 2. d4 g6 3. Bg5 Bg7 4. c3 d6 5. Nbd2 h6 6. Bh4 g5
7. Bg3 Nh5 8. e3 e6 9. a4 Qe7 10. a5 a6 11. Be2 O-O 12. Nf1 f5
13. N3d2 Nf6 14. h4 Nc6 15. hxg5 hxg5 16. Qb3 Qf7 17. f3 e5
18. dxe5 Be6 19. Bc4 Bxc4 20. Nxc4 dxe5 21. Nfd2 f4 22. Bf2
Rab8 23. e4 g4 24. Qa2 g3 25. Bg1 Rfd8 26. Nb1 Re8 27. b4 Bf8
28. Ke2 Kg7 29. Nb2 Qg6 30. Nd2 Rbd8 31. Qc4 Rd7 32. Bc5 Bxc5
33. Qxc5 Red8 34. Rad1 Rxd2+ 35. Rxd2 Nxe4 0-1

[Event "Bunratty Masters"]
[Site "?"]
[Date "2014.02.09"]
[EventDate "2014.??.??"]
[Round "5"]
[Result "1/2-1/2"]
[White "Gawain Jones"]
[Black "Jiri Stocek"]
[WhiteElo "2535"]
[BlackElo "2529"]
[PlyCount "49"]

1. d4 Nf6 2. c4 e6 3. Nc3 Bb4 4. e3 c5 5. Nge2 d5 6. a3 Ba5
7. dxc5 dxc4 8. Qxd8+ Bxd8 9. Ng3 Nbd7 10. Bxc4 Nxc5 11. b4
Ncd7 12. Bb2 Nb6 13. Be2 Bd7 14. Nce4 Bc6 15. Bf3 Nxe4
16. Bxe4 O-O 17. Bxc6 bxc6 18. Ke2 a5 19. Rhc1 axb4 20. axb4
Rxa1 21. Bxa1 Nd5 22. Rxc6 Nxb4 23. Rd6 Bc7 24. Rd7 Bxg3
25. hxg3 1/2-1/2

[Event "Bunratty Masters"]
[Site "Bunratty Co. Clare, Ireland"]
[Date "2014.02.09"]
[EventDate "2014.??.??"]
[Round "6"]
[Result "0-1"]
[White "Oleg Korneev"]
[Black "Gawain Jones"]
[WhiteElo "2643"]
[BlackElo "2535"]
[PlyCount "88"]

1. e4 c5 2. Nf3 d6 3. d4 cxd4 4. Nxd4 Nf6 5. Nc3 g6 6. Be3 Bg7
7. f3 O-O 8. Qd2 Nc6 9. O-O-O d5 10. exd5 Nxd5 11. Nxc6 bxc6
12. Bd4 Bxd4 13. Qxd4 Qb6 14. Na4 Qc7 15. Bc4 Rd8 16. Nc5 Bf5
17. Bb3 Nf4 18. Qf2 Rxd1+ 19. Rxd1 Rd8 20. Rxd8+ Qxd8 21. g3
Qd4 22. Qxd4 Ne2+ 23. Kd2 Nxd4 24. Ke3 Nxc2+ 25. Bxc2 Bxc2
26. Nd7 f6 27. Nb8 c5 28. Nd7 c4 29. Kd4 Kf7 30. f4 Ke6
31. Nc5+ Kf5 32. Kxc4 Kg4 33. Kd4 Kh3 34. Ke3 Kxh2 35. Kf2 h5
36. b4 g5 37. fxg5 fxg5 38. Ne6 g4 39. Nf4 h4 40. gxh4 g3+
41. Ke3 e5 42. Ne2 g2 43. Kf2 Bd1 44. Ng1 e4 0-1

[Event "Reykjavik Open"]
[Site "Reykjavik ISL"]
[Date "2014.03.06"]
[EventDate "2014.03.04"]
[Round "4.9"]
[Result "1/2-1/2"]
[White "Gawain Jones"]
[Black "Vladimir Hamitevici"]
[WhiteElo "2651"]
[BlackElo "2456"]
[PlyCount "117"]

1. e4 c5 2. Nf3 Nc6 3. Bb5 e6 4. O-O Nge7 5. Re1 a6 6. Bxc6
Nxc6 7. d4 cxd4 8. Nxd4 Qc7 9. Nxc6 bxc6 10. e5 d5 11. c4 Bc5
12. Be3 Qb6 13. Nc3 Bxe3 14. Rxe3 d4 15. Na4 Qa5 16. Qxd4 Qxa4
17. Qc5 Rb8 18. Rd3 Bd7 19. Rad1 Rb7 20. f3 g6 21. h3 h5
22. Kh1 h4 23. b3 Qxa2 24. Rxd7 Rxd7 25. Qxc6 O-O 26. Qxd7
Qxb3 27. c5 Kg7 28. c6 Rc8 29. Rc1 Qb2 30. Rg1 Qb8 31. Rc1 Qb2
32. Rg1 Qb8 33. Re1 Qc7 34. Qd4 Qxc6 35. Qxh4 Qd5 36. Qf6+ Kg8
37. Kh2 Qd8 38. Qf4 Rc5 39. Re4 Rd5 40. h4 Kg7 41. Rc4 a5
42. Kg3 Rd2 43. Re4 Rb2 44. Ra4 Rb5 45. Kh3 Qe7 46. h5 gxh5
47. Qg3+ Kh6 48. f4 Qd8 49. Ra3 Rb1 50. Kh2 Qd1 51. Qg5+ Kh7
52. Qf6 Qg1+ 53. Kh3 Qh1+ 54. Kg3 Qe1+ 55. Kh2 Qg1+ 56. Kh3
Qh1+ 57. Kg3 Rb7 58. Qh4 Qd1 59. Kh2 1/2-1/2

[Event "Reykjavik Open"]
[Site "Reykjavik ISL"]
[Date "2014.03.05"]
[EventDate "2014.03.04"]
[Round "2.5"]
[Result "1-0"]
[White "Gawain Jones"]
[Black "Alexandr Ponomarenko"]
[WhiteElo "2651"]
[BlackElo "2274"]
[PlyCount "43"]

1. c4 Nf6 2. Nc3 e5 3. g3 Nc6 4. Bg2 Bc5 5. Nf3 O-O 6. O-O d6
7. e3 Bg4 8. h3 Bh5 9. g4 Bg6 10. d4 exd4 11. exd4 Bb6 12. Bg5
h6 13. Bh4 Nb8 14. Nd5 Nbd7 15. Re1 Bh7 16. Ne7+ Kh8 17. g5
hxg5 18. Nxg5 Qb8 19. Nxh7 Kxh7 20. Bxf6 Nxf6 21. c5 Ba5
22. b4 1-0

[Event "Reykjavik Open"]
[Site "Reykjavik ISL"]
[Date "2014.03.08"]
[EventDate "2014.03.04"]
[Round "6.6"]
[Result "1-0"]
[White "Gawain Jones"]
[Black "Frode Olav Olsen Urkedal"]
[WhiteElo "2651"]
[BlackElo "2495"]
[PlyCount "71"]

1. e4 e5 2. Nf3 Nc6 3. d4 exd4 4. Nxd4 Nf6 5. Nxc6 bxc6 6. e5
Qe7 7. Qe2 Nd5 8. c4 Ba6 9. Nd2 Nb6 10. b3 g6 11. Bb2 Bg7
12. O-O-O O-O 13. f4 Rfe8 14. Qf2 d5 15. cxd5 Bxf1 16. Rhxf1
cxd5 17. Rde1 c5 18. f5 Qc7 19. f6 c4 20. fxg7 c3 21. Ba3
cxd2+ 22. Kxd2 Rac8 23. Rc1 Qd7 24. Rxc8 Nxc8 25. Qd4 Ne7
26. Rf6 Nf5 27. e6 Rxe6 28. Qc5 Kxg7 29. Rxe6 Qxe6 30. g4 d4
31. Qf8+ Kf6 32. Qd8+ Ne7 33. g5+ Kxg5 34. Qxe7+ Kf4 35. Qxe6
fxe6 36. Bc5 1-0

[Event "Reykjavik Open"]
[Site "Reykjavik ISL"]
[Date "2014.03.09"]
[EventDate "2014.03.04"]
[Round "7.5"]
[Result "1/2-1/2"]
[White "Simon Bekker-Jensen"]
[Black "Gawain Jones"]
[WhiteElo "2418"]
[BlackElo "2651"]
[PlyCount "142"]

1. d4 Nf6 2. c4 e6 3. Nc3 Bb4 4. e3 O-O 5. Bd3 d5 6. Nf3 c5
7. O-O Nc6 8. a3 Bxc3 9. bxc3 dxc4 10. Bxc4 Qc7 11. Bb2 e5
12. h3 Bf5 13. Bb5 e4 14. Nd2 Rad8 15. Qe2 Bg6 16. Rfc1 Bh5
17. Qf1 Rd5 18. c4 Rg5 19. Bxc6 bxc6 20. Kh1 Re8 21. Rab1 Re6
22. d5 Ng4 23. Qg1 cxd5 24. cxd5 Rxd5 25. Nf1 Rg6 26. Rc2 h6
27. hxg4 Bxg4 28. Ng3 Rgg5 29. Qe1 Rh5+ 30. Kg1 Rh4 31. Qc3
Rg5 32. Rd2 Kh8 33. Rbd1 Bxd1 34. Rxd1 Kh7 35. Qc2 Rhg4
36. Kf1 Rg6 37. Rd5 c4 38. Rd4 Rxg3 39. fxg3 f5 40. Rxc4 Qxg3
41. Qf2 Qg4 42. Rd4 f4 43. exf4 e3 44. Qf3 e2+ 45. Ke1 Qxf3
46. gxf3 Rg1+ 47. Kxe2 Rg2+ 48. Ke3 Rxb2 49. Ra4 Rb7 50. f5
Rf7 51. Ra6 Rxf5 52. Rxa7 h5 53. Kf2 h4 54. Kg2 Kh6 55. Ra4 g5
56. Re4 Rc5 57. Kh3 Rc2 58. Re3 Kg6 59. a4 Ra2 60. Re4 Rf2
61. Re3 Ra2 62. Re4 Kf5 63. Rb4 Rf2 64. Rb3 Kf4 65. Ra3 Rxf3+
66. Rxf3+ Kxf3 67. a5 g4+ 68. Kxh4 g3 69. a6 g2 70. a7 g1=Q
71. a8=Q+ Ke2 1/2-1/2

[Event "Reykjavik Open"]
[Site "Reykjavik ISL"]
[Date "2014.03.10"]
[EventDate "2014.03.04"]
[Round "8.2"]
[Result "1/2-1/2"]
[White "Gawain Jones"]
[Black "Arkadij Naiditsch"]
[WhiteElo "2651"]
[BlackElo "2706"]
[PlyCount "85"]

1. c4 e5 2. Nc3 Nf6 3. g3 Bb4 4. Nf3 Nc6 5. Bg2 O-O 6. O-O d6
7. d3 h6 8. Bd2 a6 9. Nd5 Bc5 10. Bc3 Nxd5 11. cxd5 Nd4 12. e3
Nxf3+ 13. Qxf3 f5 14. Qh5 Bd7 15. Kh1 a5 16. f4 Qe7 17. e4
fxe4 18. Bxe4 Qf7 19. Qxf7+ Rxf7 20. fxe5 Rxf1+ 21. Rxf1 dxe5
22. Bxe5 Bd6 23. Bxd6 cxd6 24. Bg6 Bh3 25. Bf7+ Kf8 26. Rf4
Ke7 27. Bg6 Rf8 28. Rxf8 Kxf8 29. Kg1 Ke7 30. Kf2 Kf6 31. Be4
Ke5 32. Ke3 g5 33. Bh7 b6 34. Bg8 Bf5 35. a3 Bg4 36. d4+ Kf6
37. Kd3 Bc8 38. Kc3 Ke7 39. b4 axb4+ 40. Kxb4 Ba6 41. Be6 Kd8
42. Kc3 Ke7 43. Kb4 1/2-1/2

[Event "Reykjavik Open"]
[Site "Reykjavik ISL"]
[Date "2014.03.11"]
[EventDate "2014.03.04"]
[Round "9.5"]
[Result "1-0"]
[White "Hjorvar Steinn Gretarsson"]
[Black "Gawain Jones"]
[WhiteElo "2511"]
[BlackElo "2651"]
[PlyCount "113"]

1. d4 d6 2. e4 Nf6 3. Nc3 g6 4. Be3 a6 5. a4 Bg7 6. Qd2 O-O
7. Nf3 Bg4 8. Be2 Nc6 9. O-O e5 10. d5 Ne7 11. g3 Bd7 12. Qd3
h6 13. Nd2 Ng4 14. Bxg4 Bxg4 15. f4 Qd7 16. fxe5 dxe5 17. Nb3
Rab8 18. Nc5 Qd8 19. Nd1 Bh3 20. Rf3 Bg4 21. Rf1 Bh3 22. Rf3
a5 23. Nf2 Bc8 24. Rd1 b6 25. Nb3 g5 26. h3 Ng6 27. Nd2 Bd7
28. b3 h5 29. Nc4 Bh6 30. Bc1 Qc8 31. Ne3 g4 32. hxg4 Bxe3
33. Qxe3 Bxg4 34. Qh6 Bxf3 35. Bg5 f5 36. Qxg6+ Kh8 37. Qh6+
Kg8 38. Qg6+ Kh8 39. Bf6+ Rxf6 40. Qxf6+ Kg8 41. Rd3 fxe4
42. Qg6+ Kf8 43. Rc3 c5 44. dxc6 Qc7 45. Nxe4 Bxe4 46. Qxe4
Rd8 47. Qf3+ Ke7 48. Qxh5 Qd6 49. Qh7+ Ke8 50. Qg8+ Ke7
51. Qg7+ Ke8 52. Rf3 Qc5+ 53. Kh2 Rd1 54. Qg8+ Ke7 55. Rf7+
Ke6 56. Qg6+ Kd5 57. Rd7+ 1-0

[Event "Reykjavik Open"]
[Site "Reykjavik ISL"]
[Date "2014.03.12"]
[EventDate "2014.03.04"]
[Round "10.11"]
[Result "1-0"]
[White "Gawain Jones"]
[Black "Gudmundur Kjartansson"]
[WhiteElo "2651"]
[BlackElo "2441"]
[PlyCount "53"]

1. e4 d6 2. d4 Nf6 3. Nc3 g6 4. Bg5 c6 5. Qd2 b5 6. Bxf6 exf6
7. Bd3 a5 8. Nge2 b4 9. Nd1 Ba6 10. Ne3 Bh6 11. h4 d5 12. exd5
cxd5 13. h5 f5 14. hxg6 hxg6 15. O-O-O Kf8 16. Kb1 Kg8 17. Rh3
Bc8 18. Rdh1 Bg7 19. Rxh8+ Bxh8 20. Nf4 Ra7 21. Nexd5 g5
22. Qe3 Bg7 23. Qh3 Qd6 24. Qh7+ Kf8 25. Nh5 Bxd4 26. Nhf6
Bxf6 27. Qh6+ 1-0

[Event "Politiken Cup"]
[Site "Helsingor DEN"]
[Date "2014.07.23"]
[EventDate "2014.07.21"]
[Round "4.7"]
[Result "1-0"]
[White "Gawain Jones"]
[Black "Jonny Hector"]
[WhiteElo "2665"]
[BlackElo "2483"]
[PlyCount "77"]

1. c4 e5 2. Nc3 Bb4 3. Nd5 Be7 4. d4 d6 5. e3 Nf6 6. Nxe7 Qxe7
7. Ne2 O-O 8. d5 Nbd7 9. Ng3 Nc5 10. b4 Nce4 11. Qc2 Nxg3
12. hxg3 a5 13. bxa5 Rxa5 14. Bd2 Ra7 15. Rh4 Bd7 16. Bd3 g6
17. e4 Ba4 18. Qc3 Nd7 19. Ke2 Rfa8 20. Rah1 f6 21. Bb1 Nc5
22. g4 Be8 23. Rxh7 Qxh7 24. Rxh7 Kxh7 25. Qf3 Rxa2 26. Bxa2
Rxa2 27. g5 fxg5 28. Qf8 Bd7 29. Qf7+ Kh8 30. Qf8+ Kh7
31. Qf7+ Kh8 32. Qxg6 g4 33. f3 gxf3+ 34. Kxf3 Ra3+ 35. Kf2
Ra2 36. Kg1 Rxd2 37. Qh6+ Kg8 38. Qxd2 Nxe4 39. Qa5 1-0

[Event "Politiken Cup"]
[Site "Helsingor DEN"]
[Date "2014.07.24"]
[EventDate "2014.07.21"]
[Round "5.2"]
[Result "1/2-1/2"]
[White "Maxim Matlakov"]
[Black "Gawain Jones"]
[WhiteElo "2685"]
[BlackElo "2665"]
[PlyCount "68"]

1. Nf3 Nf6 2. c4 g6 3. g3 Bg7 4. Bg2 O-O 5. O-O d6 6. d4 Nc6
7. Nc3 Rb8 8. h3 a6 9. e4 b5 10. d5 b4 11. Ne2 Na5 12. Qc2 c6
13. Nfd4 c5 14. Nb3 Nd7 15. Rb1 Nxb3 16. axb3 a5 17. Bg5 a4
18. Nc1 axb3 19. Nxb3 Nb6 20. Nd2 Qc7 21. b3 e6 22. dxe6 Bxe6
23. Nf3 Nd7 24. Rbd1 Rb6 25. Qc1 Ra6 26. Bh6 Ne5 27. Bxg7
Nxf3+ 28. Bxf3 Kxg7 29. Bg4 Qe7 30. Rfe1 Rfa8 31. e5 Bxg4
32. exd6 Rxd6 33. hxg4 Rxd1 34. Qxd1 Rd8 1/2-1/2

[Event "Politiken Cup"]
[Site "Helsingor DEN"]
[Date "2014.07.25"]
[EventDate "2014.07.21"]
[Round "6.5"]
[Result "1-0"]
[White "Gawain Jones"]
[Black "Jean-Pierre Le Roux"]
[WhiteElo "2665"]
[BlackElo "2560"]
[PlyCount "101"]

1. c4 Nf6 2. Nc3 e5 3. g3 d5 4. cxd5 Nxd5 5. Bg2 Nb6 6. e3 Nc6
7. Nge2 Bf5 8. d4 Nb4 9. O-O Bc2 10. Qe1 Bg6 11. f4 Nc2
12. Qf2 Nxa1 13. Bxb7 exd4 14. Bc6+ Nd7 15. f5 Bh5 16. Nxd4
Bd6 17. Ne6 Qf6 18. Ne4 Qe5 19. Nxd6+ Qxd6 20. Nxg7+ Kf8
21. Bxa8 Kxg7 22. Bg2 f6 23. e4 Qd3 24. Qd2 Qxd2 25. Bxd2 Nc2
26. Rc1 Nd4 27. Rxc7 Rd8 28. Rxa7 Bf7 29. Ba5 Nc6 30. Bxd8
Nxa7 31. a3 Nc6 32. Bc7 Bb3 33. Kf2 Nc5 34. Ke3 Na4 35. Kd2
Kf7 36. g4 Ke7 37. h4 Kd7 38. Bf4 Na5 39. Bf1 Bc4 40. Bxc4
Nxc4+ 41. Kc2 Nc5 42. Kc3 Nxb2 43. g5 fxg5 44. hxg5 Nd1+
45. Kd4 Nb3+ 46. Kd5 Na5 47. e5 Nc3+ 48. Kc5 Ne4+ 49. Kd4 Nf2
50. e6+ Ke7 51. Kd5 1-0

[Event "Politiken Cup"]
[Site "Helsingor DEN"]
[Date "2014.07.26"]
[EventDate "2014.07.21"]
[Round "7.2"]
[Result "1/2-1/2"]
[White "Richard Rapport"]
[Black "Gawain Jones"]
[WhiteElo "2701"]
[BlackElo "2665"]
[PlyCount "47"]

1. d4 Nf6 2. Nf3 g6 3. g3 Bg7 4. Bg2 O-O 5. O-O d6 6. a4 Na6
7. c3 c5 8. Re1 cxd4 9. cxd4 d5 10. Nc3 Nb4 11. Qb3 a5 12. Bf4
Bf5 13. Rac1 Rc8 14. Ne5 Qb6 15. e3 Qe6 16. h4 Bh3 17. Bf3 Bf5
18. Qd1 h5 19. Be2 Ne4 20. Nf3 Nxc3 21. Rxc3 Na2 22. Ra3 Nb4
23. Rc3 Na2 24. Ra3 1/2-1/2

[Event "Politiken Cup"]
[Site "Helsingor DEN"]
[Date "2014.07.28"]
[EventDate "2014.07.21"]
[Round "9.1"]
[Result "0-1"]
[White "Gawain Jones"]
[Black "Bu Xiangzhi"]
[WhiteElo "2665"]
[BlackElo "2693"]
[PlyCount "110"]

1. e4 e5 2. Nf3 Nf6 3. d4 exd4 4. e5 Ne4 5. Qxd4 d5 6. exd6
Nxd6 7. Nc3 Nc6 8. Qf4 g6 9. Be3 Bg7 10. O-O-O O-O 11. h4 h5
12. Bc5 Be6 13. Bb5 Qf6 14. Qxf6 Bxf6 15. Bxd6 cxd6 16. Ne4
Be7 17. Nxd6 Rab8 18. Ng5 Bxa2 19. b3 Rbd8 20. Kb2 Rxd6
21. Rxd6 Bxd6 22. Kxa2 Nb4+ 23. Kb1 Nd5 24. Ne4 Be5 25. Rd1
Nc3+ 26. Nxc3 Bxc3 27. Rd7 Re8 28. Ka2 Re1 29. b4 Re4 30. Rxb7
Rxb4 31. Bc6 Rxb7 32. Bxb7 Be1 33. f3 Bxh4 34. Kb3 Bg3 35. Kc4
f5 36. Kb5 Kf7 37. c4 h4 38. c5 Ke6 39. Bc6 Bf2 40. f4 Be3
41. Be8 Kf6 42. Kc6 Bxf4 43. Kb7 g5 44. Kxa7 g4 45. Kb6 Ke5
46. Kb5 Kd4 47. Bd7 h3 48. gxh3 gxh3 49. Bc6 h2 50. Bh1 Bb8
51. Kc6 f4 52. Kb7 Kxc5 53. Kxb8 Kd4 54. Kc7 Ke3 55. Kd6 f3
0-1